00681cam a22002173a 450000100060000000300060000600500170001200800410002904000150007004200070008505000070009224501110009926000290021050600300023951600200026965300430028965300350033265300250036783000290039285600420042130626PGUSA20140828083649.0091208s2009||||xxu|||||s|||||000 | eng d aPGUSAbeng adc 4aQL10aBirds, Illustrated by Color Photography, Vol. 1, No. 2 :bFebruary, 1897h[electronic resource] /cVarious bProject Gutenberg,c2009 aPublic domain in the USA. aElectronic text aZoological illustration -- Periodicals aNatural history -- Periodicals aBirds -- Periodicals 0aProject Gutenbergv3062640uhttp://www.gutenberg.org/ebooks/30626